000 00848nam a22002537a 4500
005 20170123162302.0
010 _aB-122787
020 _c150.00
_a8180420787
035 _aB-122787
037 _bCen Lib/Ret
040 _aDPL
_bUR
082 _aک
_bا خ ت
100 _aاختر آزاد
_9140054
245 _aایک سمپورن انمسان کی گاتھ /
_cاختر آزاد
246 _aEk sampoorna insaan ki Gatha
_bby Akhtar Azaad
260 _aنئی دہلی
_bماڈرن پبلشنگ ہاؤس
_c1989
270 _aگولہ مارکیٹ دریاگنج
_bنئی دہلی
_e110002
300 _a128p.
_c20cm(Hb)
650 _aاردو ادب
_9140055
650 _aاردو افسانے
_9140056
650 _aUrdu Literature
_9140057
650 _aUrdu stories
_9140058
942 _2ddc
_cUR
_hB-122787
_mص دی
999 _c106083
_d106083